00506nam a22001337a 4500003000900000005001700009008004100026040001300067100001800080245005000098260000900148300001700157520019800174IT-RoPau20220918175939.0130130b xxu||||| |||| 00| 0 eng d cIT-RoPau aMerlo , Tecla aConferenza della Prima Maestrab22 - 9 - 1957 c1957 a16 p.c16 cm aIndice Conferenza della Prima Maestra 22 -09 - 1957 Conferenza della Prima Maestra 20 -10 - 1957 Conferenza della Prima Maestra 03 - 11 - 1957 Conferenza della Prima Maestra 16 - 02 - 1958